[Event "Defi Nez-B"]
[Site "Gatineau CAN"]
[Date "2009.12.08"]
[Round "4"]
[White "Menard, Marc"]
[Black "Danilov, Alex"]
[Result "1-0"]
[WhiteElo "1458"]
[BlackElo "1851"]
[PlyCount "68"]
[GameId "2160767910030337"]
[EventDate "2009.11.17"]
[EventType "swiss"]
[EventRounds "5"]
[EventCountry "CAN"]
[SourceTitle "EXT 2011"]
[Source "ChessBase"]
[SourceDate "2011.11.26"]
[SourceVersion "1"]
[SourceVersionDate "2011.11.26"]
[SourceQuality "1"]

1. e4 c5 2. Nf3 Nc6 3. d4 cxd4 4. Nxd4 g6 5. Nc3 Bg7 6. Be3 Nf6 7. Be2 a6 8. Qd2 O-O 9. O-O-O Nxd4 10. Bxd4 d6 11. f4 Qa5 12. Kb1 Be6 13. b3 Rfe8 14. h3 b5 15. e5 dxe5 16. Bxe5 b4 17. Na4 Ne4 18. Qd4 Bxe5 19. fxe5 Ng3 20. Rhe1 Rad8 21. Qe3 Nf5 22. Qc5 Qxc5 23. Nxc5 Ne3 24. Rxd8 Rxd8 25. Bf3 Nd5 26. Nxa6 Nc3+ 27. Kb2 Bd5 28. Nxb4 Bxf3 29. gxf3 Nd1+ 30. Kc1 Nf2 31. h4 Rd4 32. Nc6 Rxh4 33. Nxe7+ Kf8 34. Rf1 Nh3 1-0

[Event "Defi Nez-B"]
[Site "Gatineau CAN"]
[Date "2009.12.08"]
[Round "4"]
[White "Richard, Georges"]
[Black "Thibault, David"]
[Result "0-1"]
[WhiteElo "1629"]
[BlackElo "1655"]
[PlyCount "118"]
[GameId "2160767910030338"]
[EventDate "2009.11.17"]
[EventType "swiss"]
[EventRounds "5"]
[EventCountry "CAN"]
[SourceTitle "EXT 2011"]
[Source "ChessBase"]
[SourceDate "2011.11.26"]
[SourceVersion "1"]
[SourceVersionDate "2011.11.26"]
[SourceQuality "1"]

1. d4 d5 2. c4 c6 3. Nf3 dxc4 4. e3 b5 5. Be2 Bb7 6. O-O Nf6 7. b3 cxb3 8. axb3 e6 9. Bb2 a6 10. Qc2 Be7 11. Rd1 Qb6 12. Nbd2 Nbd7 13. Ng5 h6 14. Nge4 Nxe4 15. Nxe4 c5 16. dxc5 Nxc5 17. Nxc5 Qxc5 18. Qd2 Rd8 19. Bd4 Qg5 20. Bf1 e5 21. f4 exf4 22. exf4 Qg4 23. Qe3 Rd7 24. Bc5 Qe6 25. Qxe6 fxe6 26. Bb6 Rxd1 27. Rxd1 Bd5 28. Ra1 Bb7 29. Be2 Kf7 30. Rd1 Bd5 31. Ra1 Ra8 32. g4 Bd6 33. Be3 Bb7 34. Rd1 Ke7 35. h4 Rc8 36. Bd4 Bxf4 37. Bxg7 e5 38. g5 hxg5 39. Bg4 Rd8 40. Bf6+ Kxf6 41. Rxd8 gxh4 42. Rb8 Bd5 43. Rb6+ Kg5 44. Bh3 Bxb3 45. Rxa6 Bc4 46. Ra8 Be3+ 47. Kh2 Kf4 48. Bg2 Bf2 49. Rf8+ Ke3 50. Rf3+ Ke2 51. Rc3 Bd3 52. Bd5 b4 53. Rb3 Be1 54. Kg2 e4 55. Be6 Kd2 56. Rxb4 e3 57. Bg4 Kc3 58. Ra4 Bg3 59. Kh3 Bf1# 0-1

[Event "Defi Nez-B"]
[Site "Gatineau CAN"]
[Date "2009.12.08"]
[Round "4"]
[White "Rose, Richard1"]
[Black "Scantland, Patrick"]
[Result "1-0"]
[WhiteElo "1898"]
[BlackElo "1768"]
[PlyCount "73"]
[GameId "2160767910030339"]
[EventDate "2009.11.17"]
[EventType "swiss"]
[EventRounds "5"]
[EventCountry "CAN"]
[SourceTitle "EXT 2011"]
[Source "ChessBase"]
[SourceDate "2011.11.26"]
[SourceVersion "1"]
[SourceVersionDate "2011.11.26"]
[SourceQuality "1"]

1. e4 c5 2. Nf3 d6 3. d4 cxd4 4. Nxd4 Nf6 5. Bd3 a6 6. c4 e5 7. Nf3 Qc7 8. Nc3 Be6 9. b3 Nbd7 10. Qc2 Rc8 11. Bb2 h6 12. h3 Be7 13. Rc1 O-O 14. O-O Nh5 15. Ne2 Qd8 16. Qd2 Nc5 17. g4 Nf4 18. Nxf4 exf4 19. Bb1 Bg5 20. Rfd1 Bxg4 21. hxg4 Qd7 22. Ne5 Qe8 23. Qxd6 Be7 24. Qd2 Bg5 25. f3 Qe6 26. Qd5 Qb6 27. Qd6 Qa7 28. Qd4 Bf6 29. Qf2 b6 30. Rd5 Rfd8 31. Rcd1 Rxd5 32. Rxd5 Qe7 33. Nd3 Bh4 34. Qd2 h5 35. Nxc5 bxc5 36. Qxf4 Rd8 37. Qe5 1-0

[Event "Defi Nez-B"]
[Site "Gatineau CAN"]
[Date "2009.12.15"]
[Round "5"]
[White "Dagenais, Benoit"]
[Black "Lavergne, Daniel"]
[Result "0-1"]
[WhiteElo "1249"]
[BlackElo "1524"]
[PlyCount "82"]
[GameId "2160767910030341"]
[EventDate "2009.11.17"]
[EventType "swiss"]
[EventRounds "5"]
[EventCountry "CAN"]
[SourceTitle "EXT 2011"]
[Source "ChessBase"]
[SourceDate "2011.11.26"]
[SourceVersion "1"]
[SourceVersionDate "2011.11.26"]
[SourceQuality "1"]

1. a4 e5 2. Nf3 Nc6 3. d4 exd4 4. Nxd4 Nge7 5. e4 d6 6. Nc3 Nxd4 7. Qxd4 Be6 8. Bg5 Rg8 9. Rd1 f6 10. Bf4 Nc6 11. Bb5 a6 12. Bxc6+ bxc6 13. O-O Be7 14. Rfe1 Kf7 15. Bg3 Re8 16. Ne2 Kg8 17. Nf4 Bf7 18. Qc3 Qd7 19. Nh3 Rab8 20. b3 d5 21. Qd3 Bb4 22. c3 Bf8 23. b4 Bg6 24. f3 a5 25. bxa5 Bc5+ 26. Bf2 Qd6 27. Qc2 Qf8 28. c4 dxe4 29. fxe4 Re5 30. Rd7 Bxf2+ 31. Nxf2 Qc5 32. Kf1 Bf7 33. Rxf7 Kxf7 34. Nd3 Qxa5 35. Nxe5+ Qxe5 36. Kg1 Rb2 37. Qd3 Qc5+ 38. Re3 Qd6 39. Qc3 Rb1+ 40. Kf2 Qxh2 41. Qd2 Qf4+ 0-1

[Event "Defi Nez-B"]
[Site "Gatineau CAN"]
[Date "2009.12.15"]
[Round "5"]
[White "Dupont, Claude"]
[Black "Richard, Georges"]
[Result "1/2-1/2"]
[WhiteElo "1480"]
[BlackElo "1629"]
[PlyCount "87"]
[GameId "2160767910030342"]
[EventDate "2009.11.17"]
[EventType "swiss"]
[EventRounds "5"]
[EventCountry "CAN"]
[SourceTitle "EXT 2011"]
[Source "ChessBase"]
[SourceDate "2011.11.26"]
[SourceVersion "1"]
[SourceVersionDate "2011.11.26"]
[SourceQuality "1"]

1. e4 c5 2. Nf3 e6 3. d3 Nc6 4. Be2 Nd4 5. Nxd4 cxd4 6. a3 e5 7. Nd2 Nf6 8. Nf3 Be7 9. Nxe5 Qa5+ 10. b4 Qxe5 11. f4 Qc7 12. O-O O-O 13. Bb2 b6 14. Bxd4 Bb7 15. c4 Rfc8 16. e5 Ne8 17. Bg4 Rd8 18. Bc3 d5 19. exd6 Bxd6 20. g3 Be7 21. Bf3 Bf6 22. Qc2 Bxf3 23. Rxf3 Qd6 24. Rd1 Bd4+ 25. Bxd4 Qxd4+ 26. Kg2 Nf6 27. Re1 Re8 28. Rxe8+ Rxe8 29. h3 Re1 30. Rf2 Qa1 31. Qb2 Rg1+ 32. Kf3 Qd1+ 33. Qe2 Qb3 34. g4 g6 35. g5 Nh5 36. Qe8+ Kg7 37. Qe5+ Kg8 38. Qe8+ Kg7 39. Qe5+ f6 40. Qe7+ Kg8 41. Qe8+ Kg7 42. Qe7+ Kg8 43. Qe6+ Kg7 44. Qe7+ 1/2-1/2

[Event "Defi Nez-B"]
[Site "Gatineau CAN"]
[Date "2009.12.15"]
[Round "5"]
[White "Jani, Louis"]
[Black "Berthiaume, Patrick"]
[Result "1-0"]
[WhiteElo "1404"]
[BlackElo "1216"]
[PlyCount "43"]
[GameId "2160767910030343"]
[EventDate "2009.11.17"]
[EventType "swiss"]
[EventRounds "5"]
[EventCountry "CAN"]
[SourceTitle "EXT 2011"]
[Source "ChessBase"]
[SourceDate "2011.11.26"]
[SourceVersion "1"]
[SourceVersionDate "2011.11.26"]
[SourceQuality "1"]

1. e4 c5 2. Nf3 d6 3. d4 cxd4 4. Nxd4 Nf6 5. Nc3 e5 6. Nf3 a6 7. Bc4 Nc6 8. Ng5 Be6 9. Nxe6 fxe6 10. Bxe6 Qa5 11. O-O Nd4 12. Bd5 O-O-O 13. Be3 Qc5 14. Rc1 b5 15. Kh1 a5 16. Be6+ Kb8 17. Nd5 Re8 18. Nxf6 gxf6 19. Bd5 f5 20. c3 f4 21. cxd4 Qb4 22. Qc2 1-0

[Event "Defi Nez-B"]
[Site "Gatineau CAN"]
[Date "2009.12.15"]
[Round "5"]
[White "Jiang, Qizhe"]
[Black "Beland, Guy"]
[Result "1-0"]
[WhiteElo "1190"]
[BlackElo "1399"]
[PlyCount "63"]
[GameId "2160767910030344"]
[EventDate "2009.11.17"]
[EventType "swiss"]
[EventRounds "5"]
[EventCountry "CAN"]
[SourceTitle "EXT 2011"]
[Source "ChessBase"]
[SourceDate "2011.11.26"]
[SourceVersion "1"]
[SourceVersionDate "2011.11.26"]
[SourceQuality "1"]

1. e4 c5 2. Nf3 Nc6 3. d4 cxd4 4. Nxd4 Nf6 5. Nc3 e6 6. Ndb5 d6 7. Bg5 a6 8. Bxf6 Qxf6 9. Nxd6+ Bxd6 10. Qxd6 Bd7 11. O-O-O Rd8 12. Qc7 Ne5 13. Qxb7 O-O 14. f3 Qg5+ 15. Kb1 Bc6 16. Qxa6 Rxd1+ 17. Nxd1 Qd2 18. Qe2 Qa5 19. Nc3 Rb8 20. Qd2 Qb4 21. b3 Ra8 22. Be2 h6 23. Rd1 Qa3 24. Qd6 Qa5 25. Kb2 Bd7 26. Bb5 Bxb5 27. Qxe5 Qa3+ 28. Kb1 Ra5 29. Qd6 Be8 30. Qxa3 Rxa3 31. Rd4 Ra6 32. a4 1-0

[Event "Defi Nez-B"]
[Site "Gatineau CAN"]
[Date "2009.12.15"]
[Round "5"]
[White "MacIsaac, Alexandre"]
[Black "Menard, Marc"]
[Result "0-1"]
[WhiteElo "1529"]
[BlackElo "1458"]
[PlyCount "78"]
[GameId "2160767910030346"]
[EventDate "2009.11.17"]
[EventType "swiss"]
[EventRounds "5"]
[EventCountry "CAN"]
[SourceTitle "EXT 2011"]
[Source "ChessBase"]
[SourceDate "2011.11.26"]
[SourceVersion "1"]
[SourceVersionDate "2011.11.26"]
[SourceQuality "1"]

1. e4 e5 2. Nf3 Nc6 3. Bb5 a6 4. Ba4 Nf6 5. O-O b5 6. Bb3 Bc5 7. Nxe5 Nxe5 8. d4 d6 9. dxc5 O-O 10. cxd6 cxd6 11. Re1 Bb7 12. Bd5 Nxd5 13. exd5 Re8 14. Bf4 g5 15. Bg3 Rc8 16. a3 f5 17. f4 Ng4 18. Rxe8+ Qxe8 19. Nc3 Qe3+ 20. Kh1 gxf4 21. Bh4 Re8 22. Qe1 Kf7 23. h3 Nf6 24. Qxe3 fxe3 25. Bxf6 Kxf6 26. g3 Re5 27. Rd1 e2 28. Re1 Bxd5+ 29. Nxd5+ Rxd5 30. Rxe2 Re5 31. Rxe5 dxe5 32. Kg2 e4 33. Kf2 Ke5 34. Ke3 a5 35. b3 b4 36. axb4 axb4 37. c4 bxc3 38. b4 Kd5 39. g4 fxg4 0-1

[Event "Defi Nez-B"]
[Site "Gatineau CAN"]
[Date "2009.12.15"]
[Round "5"]
[White "Scantland, Patrick"]
[Black "Beriault, Silvain"]
[Result "0-1"]
[WhiteElo "1768"]
[BlackElo "1632"]
[PlyCount "134"]
[GameId "2160767910030347"]
[EventDate "2009.11.17"]
[EventType "swiss"]
[EventRounds "5"]
[EventCountry "CAN"]
[SourceTitle "EXT 2011"]
[Source "ChessBase"]
[SourceDate "2011.11.26"]
[SourceVersion "1"]
[SourceVersionDate "2011.11.26"]
[SourceQuality "1"]

1. d4 Nf6 2. c4 e6 3. Nc3 d5 4. cxd5 exd5 5. Bg5 Be7 6. Qc2 Nbd7 7. e3 c6 8. Bd3 h6 9. Bh4 O-O 10. Nge2 Re8 11. O-O Ne4 12. Bxe7 Qxe7 13. Bxe4 dxe4 14. a3 f5 15. Nf4 Nf6 16. b4 Be6 17. Rfd1 Qf7 18. Rab1 g5 19. Nfe2 Bc4 20. Rb2 Bxe2 21. Qxe2 Nd5 22. Rc1 Rec8 23. Rbc2 Nxc3 24. Rxc3 a6 25. Rc5 Kg7 26. Qb2 Qf6 27. Qc3 Rd8 28. a4 Rd6 29. b5 axb5 30. axb5 cxb5 31. Rxb5 Rc6 32. Rxb7+ Kg8 33. Qb3+ Kh8 34. Rb1 Rac8 35. Rb8 Qd8 36. g3 Rxb8 37. Qxb8 Rc1+ 38. Kg2 Qxb8 39. Rxb8+ Kg7 40. Rb6 g4 41. Rb2 h5 42. Rd2 Rc7 43. Kf1 Rc1+ 44. Kg2 Rb1 45. h3 Rb6 46. h4 Kf7 47. Kf1 Kf6 48. Ke2 Rb7 49. Rc2 Kg6 50. Kd2 Ra7 51. Kc3 Rc7+ 52. Kb3 Rb7+ 53. Ka4 Kf6 54. Rc6+ Kg7 55. Ka3 Rb1 56. d5 Rd1 57. d6 Kf7 58. Kb4 Ke6 59. Kc5 Rd5+ 60. Kb6 Kd7 61. Rc5 Kxd6 62. Rxd5+ Kxd5 63. Kc7 Kc4 64. Kd6 Kd3 65. Ke5 Ke2 66. Kxf5 Kxf2 67. Kxe4 Kxg3 0-1

[Event "Defi Nez-B"]
[Site "Gatineau CAN"]
[Date "2009.12.15"]
[Round "5"]
[White "Thibault, Mario"]
[Black "Lacourse, Guy"]
[Result "1-0"]
[WhiteElo "1723"]
[BlackElo "1684"]
[PlyCount "75"]
[GameId "2160767910030348"]
[EventDate "2009.11.17"]
[EventType "swiss"]
[EventRounds "5"]
[EventCountry "CAN"]
[SourceTitle "EXT 2011"]
[Source "ChessBase"]
[SourceDate "2011.11.26"]
[SourceVersion "1"]
[SourceVersionDate "2011.11.26"]
[SourceQuality "1"]

1. e4 c5 2. Nc3 Nc6 3. f4 d6 4. Bb5 g6 5. d3 Bg7 6. h3 e6 7. Bxc6+ bxc6 8. Nf3 Ne7 9. O-O d5 10. Qe1 O-O 11. e5 c4 12. d4 Qc7 13. Na4 a5 14. Nc5 Bb7 15. g4 Rfb8 16. Nh4 Bc8 17. Rb1 a4 18. a3 Rb5 19. Bd2 Rxc5 20. dxc5 Ba6 21. Bc3 Qd7 22. Nf3 Bc8 23. Rd1 Qc7 24. Nd4 Qd7 25. Rf3 Bf8 26. Bb4 Qa7 27. h4 Bd7 28. Qd2 Nc8 29. Rdf1 Bxc5 30. Bxc5 Qxc5 31. c3 Qe7 32. Rh3 c5 33. Nf3 Nb6 34. h5 Kg7 35. hxg6 fxg6 36. Rf2 Rh8 37. Rfh2 Kg8 38. Ng5 1-0

[Event "Eastern Ontario op"]
[Site "Ottawa CAN"]
[Date "2009.06.26"]
[Round "1"]
[White "Marinkovic, Mate"]
[Black "Pacey, Kevin"]
[Result "0-1"]
[WhiteElo "2050"]
[BlackElo "2347"]
[PlyCount "66"]
[GameId "2160767910156414"]
[EventDate "2009.06.26"]
[EventType "swiss"]
[EventRounds "5"]
[EventCountry "CAN"]

1. e4 d6 2. d4 Nf6 3. Nc3 g6 4. Be3 c6 5. f3 Bg7 6. Qd2 O-O 7. Bd3 e5 8. dxe5 dxe5 9. Bc4 Qxd2+ 10. Bxd2 b5 11. Bb3 Nbd7 12. Be3 a5 13. a3 Ba6 14. O-O-O c5 15. Bd5 Rac8 16. a4 b4 17. Nb5 Nb6 18. Bb3 c4 19. Bxb6 cxb3 20. Nc7 bxc2 21. Rd2 Bh6 22. Kxc2 Bxd2 23. Kxd2 Nd7 24. Bxa5 Nc5 25. Ke3 Bf1 26. Kf2 Bc4 27. Nh3 Nxa4 28. b3 Bxb3 29. Rb1 Nc5 30. Bb6 Bc2 31. Rf1 Na4 32. Nd5 Nxb6 33. Nxb6 b3 0-1

[Event "Eastern Ontario op"]
[Site "Ottawa CAN"]
[Date "2009.06.27"]
[Round "2"]
[White "Pacey, Kevin"]
[Black "Sadeghi, Saeid"]
[Result "1-0"]
[WhiteElo "2347"]
[BlackElo "2178"]
[PlyCount "113"]
[GameId "2160767910156415"]
[EventDate "2009.06.26"]
[EventType "swiss"]
[EventRounds "5"]
[EventCountry "CAN"]

1. e4 e5 2. Nf3 Nc6 3. Bb5 a6 4. Ba4 Nf6 5. O-O b5 6. Bb3 Bc5 7. d3 d6 8. a4 Bg4 9. h3 Bxf3 10. Qxf3 Nd4 11. Qd1 Nxb3 12. cxb3 h6 13. Qf3 b4 14. Qg3 g5 15. Qf3 Qe7 16. Be3 Nd7 17. Nd2 h5 18. Bxc5 Nxc5 19. d4 g4 20. Qf5 exd4 21. e5 Qe6 22. Qg5 Qg6 23. Qxg6 fxg6 24. exd6 cxd6 25. hxg4 hxg4 26. Rfe1+ Kd7 27. Ne4 Kc6 28. Rac1 Raf8 29. Nxc5 dxc5 30. Re6+ Kd5 31. Rxg6 Rfg8 32. Rxa6 Rg5 33. Rxc5+ Kxc5 34. Ra5+ Kc6 35. Rxg5 d3 36. Rxg4 Rd8 37. Rc4+ Kd5 38. Kf1 Re8 39. Rc7 Kd6 40. Rc1 Kd5 41. a5 Kd4 42. Rc7 Ra8 43. Rc4+ Kd5 44. Ke1 Rxa5 45. Kd2 Ra2 46. Kxd3 Rxb2 47. Rxb4 Rxf2 48. Rb5+ Kc6 49. Rg5 Rb2 50. Kc3 Rb1 51. g4 Rc1+ 52. Kb4 Re1 53. Rg6+ Kb7 54. Ka4 Re4+ 55. b4 Re1 56. g5 Re8 57. Ka5 1-0

[Event "Eastern Ontario op"]
[Site "Ottawa CAN"]
[Date "2009.06.27"]
[Round "3"]
[White "Xiong, Jerry"]
[Black "Pacey, Kevin"]
[Result "1/2-1/2"]
[WhiteElo "2157"]
[BlackElo "2347"]
[PlyCount "66"]
[GameId "2160767910156416"]
[EventDate "2009.06.26"]
[EventType "swiss"]
[EventRounds "5"]
[EventCountry "CAN"]

1. e4 c6 2. d4 d5 3. exd5 cxd5 4. Nf3 Nf6 5. Nc3 Bg4 6. Be2 Nc6 7. O-O e6 8. Bf4 Bxf3 9. Bxf3 Bd6 10. Bxd6 Qxd6 11. Re1 O-O 12. Re3 Ne7 13. Bg4 Ng6 14. a4 a6 15. Rg3 Rac8 16. Ra3 Rc4 17. Rb3 Rb4 18. Be2 Rxb3 19. cxb3 Qb6 20. Na2 Ne4 21. Re3 Rc8 22. Bf3 Nd6 23. Rc3 Rc6 24. Nc1 Nh4 25. Qd2 Nxf3+ 26. gxf3 Nf5 27. Ne2 h6 28. Rxc6 Qxc6 29. Qc3 Qxc3 30. bxc3 Nh4 31. f4 Nf3+ 32. Kg2 Nd2 33. Nc1 Ne4 1/2-1/2

[Event "Eastern Ontario op"]
[Site "Ottawa CAN"]
[Date "2009.06.28"]
[Round "4"]
[White "Pacey, Kevin"]
[Black "Valdizon, Armando"]
[Result "1/2-1/2"]
[WhiteElo "2347"]
[BlackElo "2264"]
[PlyCount "40"]
[GameId "2160767910156417"]
[EventDate "2009.06.26"]
[EventType "swiss"]
[EventRounds "5"]
[EventCountry "CAN"]

1. e4 e5 2. Nf3 Nc6 3. Bc4 Be7 4. d4 d6 5. d5 Nb8 6. Bd3 Nf6 7. c4 O-O 8. Nc3 Ne8 9. O-O g6 10. Bh6 Ng7 11. b4 f5 12. Qc2 f4 13. c5 Rf7 14. Nb5 Na6 15. cxd6 cxd6 16. Qb3 Bf6 17. h4 Ne8 18. Ng5 Bxg5 19. Bxg5 Qd7 20. f3 Kg7 1/2-1/2

[Event "Edmonton Summer op"]
[Site "Edmonton CAN"]
[Date "2009.06.04"]
[Round "1"]
[White "Daher, Nayef"]
[Black "Sadowsky, Marc"]
[Result "1-0"]
[WhiteElo "1578"]
[BlackElo "1192"]
[PlyCount "121"]
[GameId "2160767910156496"]
[EventDate "2009.06.04"]
[EventType "swiss"]
[EventRounds "5"]
[EventCountry "CAN"]
[SourceTitle "EXT 2011"]
[Source "ChessBase"]
[SourceDate "2011.11.26"]
[SourceVersion "1"]
[SourceVersionDate "2011.11.26"]
[SourceQuality "1"]

1. e4 c5 2. Nf3 d6 3. Bc4 Nc6 4. d4 Bg4 5. dxc5 Qa5+ 6. Bd2 Qxc5 7. Na3 Nf6 8. Bd3 g6 9. h3 Bxf3 10. Qxf3 Ne5 11. Qe3 Nxd3+ 12. cxd3 Qxe3+ 13. Bxe3 Bg7 14. Nb5 O-O 15. Bxa7 Nd7 16. Bd4 Ra5 17. Bxg7 Kxg7 18. Nc3 Ne5 19. Ke2 e6 20. f4 Nc6 21. Rac1 f5 22. Ke3 e5 23. g3 exf4+ 24. gxf4 Re8 25. a3 d5 26. Kf3 Nd4+ 27. Kf2 dxe4 28. dxe4 fxe4 29. Rce1 e3+ 30. Rxe3 Rxe3 31. Kxe3 Nf5+ 32. Kf2 Rc5 33. Rd1 Rc7 34. Rd2 h6 35. Ne4 Rc4 36. Kf3 Nh4+ 37. Ke3 Nf5+ 38. Kf3 Nh4+ 39. Kg4 Rxe4 40. Rd7+ Kf6 41. Kxh4 g5+ 42. Kg3 Re3+ 43. Kg4 h5+ 44. Kxh5 Rxh3+ 45. Kg4 Rh4+ 46. Kg3 Rxf4 47. Rxb7 Ke5 48. Rb5+ Kf6 49. b4 Kg6 50. a4 Kh5 51. a5 Rg4+ 52. Kf2 Kh4 53. a6 Kh3 54. a7 Rg2+ 55. Kf1 Ra2 56. Ra5 Rg2 57. a8=Q Rg3 58. Qc8+ Kh2 59. Qh8+ Rh3 60. Ra2+ Kh1 61. Qxh3# 1-0

[Event "Edmonton Summer op"]
[Site "Edmonton CAN"]
[Date "2009.06.04"]
[Round "1"]
[White "Gardner, Robert"]
[Black "Pedersen, Rick"]
[Result "1-0"]
[WhiteElo "2272"]
[BlackElo "2082"]
[PlyCount "93"]
[GameId "2160767910156497"]
[EventDate "2009.06.04"]
[EventType "swiss"]
[EventRounds "5"]
[EventCountry "CAN"]
[SourceTitle "EXT 2011"]
[Source "ChessBase"]
[SourceDate "2011.11.26"]
[SourceVersion "1"]
[SourceVersionDate "2011.11.26"]
[SourceQuality "1"]

1. d4 Nf6 2. c4 g6 3. Nc3 Bg7 4. e4 d6 5. Nf3 O-O 6. h3 e5 7. d5 a5 8. Bg5 h6 9. Be3 Kh7 10. g4 b6 11. g5 Ng8 12. gxh6 Bxh6 13. Bxh6 Nxh6 14. Qd2 Na6 15. O-O-O Nc5 16. Be2 f5 17. exf5 Bxf5 18. Rdg1 Qf6 19. h4 Kg7 20. h5 Ne4 21. Nxe4 Bxe4 22. hxg6 Qf4 23. Rh4 Qxd2+ 24. Nxd2 Bf5 25. Rgh1 Rh8 26. Bh5 Ng8 27. f4 e4 28. Nf1 Nf6 29. Ng3 Bd7 30. f5 Rh6 31. Bd1 Rah8 32. Rxh6 Rxh6 33. Rxh6 Kxh6 34. Bc2 e3 35. Kd1 b5 36. b3 bxc4 37. bxc4 c6 38. dxc6 Bxc6 39. Ke2 Ng4 40. Be4 Ne5 41. Bxc6 Nxc6 42. Kxe3 a4 43. a3 Ne7 44. Kf4 Kg7 45. Kg5 Nc6 46. f6+ Kf8 47. Ne4 1-0

[Event "Edmonton Summer op"]
[Site "Edmonton CAN"]
[Date "2009.06.04"]
[Round "1"]
[White "Girardin, Donald"]
[Black "Camphaug, Lincoln"]
[Result "0-1"]
[WhiteElo "1331"]
[BlackElo "1618"]
[PlyCount "136"]
[GameId "2160767910156498"]
[EventDate "2009.06.04"]
[EventType "swiss"]
[EventRounds "5"]
[EventCountry "CAN"]
[SourceTitle "EXT 2011"]
[Source "ChessBase"]
[SourceDate "2011.11.26"]
[SourceVersion "1"]
[SourceVersionDate "2011.11.26"]
[SourceQuality "1"]

1. d4 Nf6 2. Nf3 d5 3. e3 e6 4. Bd3 Be7 5. Nbd2 O-O 6. Qe2 Nbd7 7. O-O c5 8. c3 Re8 9. Re1 Qc7 10. e4 dxe4 11. Nxe4 h6 12. Ne5 Nxe4 13. Qxe4 Nf6 14. Qh4 Bf8 15. Ng4 Nxg4 16. Qxg4 f5 17. Qg6 Qf7 18. Qxf7+ Kxf7 19. Bf4 Bd7 20. Be5 Rac8 21. b3 cxd4 22. cxd4 Bb4 23. Rec1 Ba3 24. Rxc8 Rxc8 25. Bc4 b5 26. Bd3 Bc6 27. f4 a6 28. Re1 Bb7 29. Kf2 Rd8 30. g4 fxg4 31. Rg1 Bf3 32. Be2 Bxe2 33. Kxe2 g6 34. Rxg4 h5 35. Rg1 Rc8 36. Kd3 Bb4 37. Ke4 Rc2 38. a4 Re2+ 39. Kf3 Rxh2 40. Rb1 Rc2 41. Ke4 bxa4 42. bxa4 a5 43. d5 Rc4+ 44. Kd3 exd5 45. Bd4 Rc8 46. Rg1 Be7 47. Be5 Bf6 48. Kd4 Bxe5+ 49. fxe5 Rc4+ 50. Kxd5 Rxa4 51. Rf1+ Ke7 52. Rf6 Rg4 53. Re6+ Kf7 54. Rf6+ Kg7 55. Rf1 Rg5 56. Kd6 Rg2 57. e6 Rd2+ 58. Ke7 a4 59. Rf7+ Kg8 60. Rf8+ Kg7 61. Rd8 Rxd8 62. Kxd8 a3 63. e7 a2 64. e8=Q a1=Q 65. Qd7+ Kh6 66. Qd2+ Kh7 67. Qd7+ Qg7 68. Qxg7+ Kxg7 0-1

[Event "Edmonton Summer op"]
[Site "Edmonton CAN"]
[Date "2009.06.04"]
[Round "1"]
[White "MacLeod, Damon"]
[Black "Kalisvaart, Peter"]
[Result "0-1"]
[WhiteElo "1850"]
[BlackElo "2103"]
[PlyCount "76"]
[GameId "2160767910156499"]
[EventDate "2009.06.04"]
[EventType "swiss"]
[EventRounds "5"]
[EventCountry "CAN"]
[SourceTitle "EXT 2011"]
[Source "ChessBase"]
[SourceDate "2011.11.26"]
[SourceVersion "1"]
[SourceVersionDate "2011.11.26"]
[SourceQuality "1"]

1. e4 e5 2. Nf3 Nc6 3. Bb5 a6 4. Bxc6 dxc6 5. O-O Bg4 6. h3 h5 7. d3 Qf6 8. Be3 Bxf3 9. Qxf3 Qxf3 10. gxf3 Bd6 11. Nd2 Ne7 12. Nc4 f6 13. Nxd6+ cxd6 14. f4 exf4 15. Bxf4 O-O-O 16. Be3 d5 17. f4 d4 18. Bd2 c5 19. f5 Nc6 20. Rf3 Rd7 21. Kf2 Re8 22. Rg1 b5 23. Rfg3 Ree7 24. a3 a5 25. Bh6 gxh6 26. Rg6 Rf7 27. Rxh6 Ne5 28. Rxh5 c4 29. Ke2 Rh7 30. Rxh7 Rxh7 31. Rg3 Rc7 32. dxc4 bxc4 33. Rg8+ Kb7 34. Rf8 d3+ 35. cxd3 cxd3+ 36. Ke3 Rd7 37. Kd2 Nc4+ 38. Kd1 d2 0-1

[Event "Edmonton Summer op"]
[Site "Edmonton CAN"]
[Date "2009.06.04"]
[Round "1"]
[White "Mendryk, Wayne"]
[Black "Seehagen, Terry"]
[Result "0-1"]
[WhiteElo "1438"]
[BlackElo "1749"]
[PlyCount "48"]
[GameId "2160767910156500"]
[EventDate "2009.06.04"]
[EventType "swiss"]
[EventRounds "5"]
[EventCountry "CAN"]
[SourceTitle "EXT 2011"]
[Source "ChessBase"]
[SourceDate "2011.11.26"]
[SourceVersion "1"]
[SourceVersionDate "2011.11.26"]
[SourceQuality "1"]

1. e4 d5 2. exd5 Nf6 3. Nf3 c6 4. d4 cxd5 5. Bb5+ Nbd7 6. Nc3 a6 7. Ba4 b5 8. Bb3 Nb6 9. Bf4 Bg4 10. Qd3 g6 11. Be5 Bg7 12. a3 O-O 13. O-O Rc8 14. Rfe1 Bf5 15. Qd2 Nc4 16. Bxc4 Rxc4 17. Bxf6 Bxf6 18. Ne5 Rc7 19. g4 Bxe5 20. gxf5 Bg7 21. fxg6 hxg6 22. Re2 Rc4 23. Qg5 e6 24. Re3 Qxg5+ 0-1

[Event "Edmonton Summer op"]
[Site "Edmonton CAN"]
[Date "2009.06.04"]
[Round "1"]
[White "Sponga, George"]
[Black "Huang, Zhonglin"]
[Result "0-1"]
[WhiteElo "1690"]
[BlackElo "1381"]
[PlyCount "126"]
[GameId "2160767910156502"]
[EventDate "2009.06.04"]
[EventType "swiss"]
[EventRounds "5"]
[EventCountry "CAN"]
[SourceTitle "EXT 2011"]
[Source "ChessBase"]
[SourceDate "2011.11.26"]
[SourceVersion "1"]
[SourceVersionDate "2011.11.26"]
[SourceQuality "1"]

1. f4 d6 2. Nf3 Nc6 3. e3 e5 4. fxe5 dxe5 5. e4 Nf6 6. d3 Bd6 7. Be2 Qe7 8. O-O Nd4 9. c3 Nxe2+ 10. Qxe2 c5 11. Bg5 Bg4 12. Nbd2 O-O 13. Rf2 Rad8 14. Raf1 Qe6 15. c4 Be7 16. h3 Bh5 17. g4 Bg6 18. Nh4 Nd7 19. Bxe7 Qxe7 20. Nf5 Qe6 21. Nf3 f6 22. Ne3 Nb6 23. b3 Be8 24. Kh2 Bc6 25. Nd5 Nxd5 26. cxd5 Bxd5 27. exd5 Qxd5 28. Ne1 Rfe8 29. Rf5 Qd6 30. Kg2 Re6 31. Qe4 Rd7 32. Rh5 g6 33. Rh4 Kg7 34. Qe3 Qd5+ 35. Kh2 e4 36. dxe4 Rxe4 37. Qh6+ Kg8 38. Ng2 Re2 39. Rg1 Qe5+ 40. Kh1 Qg5 41. Re1 Rxe1+ 42. Nxe1 Qxh6 43. Rxh6 Rd1 44. h4 Rxe1+ 45. Kg2 Re2+ 46. Kf3 Rxa2 47. h5 gxh5 48. Rxf6 hxg4+ 49. Kxg4 Rg2+ 50. Kh3 Rg6 51. Rf5 Rb6 52. Rf3 Kg7 53. Kh4 Kg6 54. Rc3 Rb4+ 55. Kg3 b6 56. Re3 Kf5 57. Kf3 h5 58. Rc3 Rf4+ 59. Kg3 h4+ 60. Kh3 Kg5 61. Rd3 c4 62. bxc4 Rxc4 63. Rd5+ Kf6 0-1